Chứng khoán và phân tích chứng khoán

Giới thiệu bản chất của thị trường chứng khoán, sự vận hành của quy luật giá cả của thị trường dưới góc độ kinh tế và cách thức mua bán chứng khoán trên thị trường.

保存先:
書誌詳細
第一著者: Trần, Cao Nguyên
フォーマット: 図書
言語:Undetermined
出版事項: Hà Nội Giáo dục 1999
主題:
タグ: タグ追加
タグなし, このレコードへの初めてのタグを付けませんか!
Thư viện lưu trữ: Trung tâm Học liệu Trường Đại học Cần Thơ
LEADER 00794nam a2200193Ia 4500
001 CTU_37925
008 210402s9999 xx 000 0 und d
020 |c 15000 
082 |a 332.114 
082 |b Ng527 
100 |a Trần, Cao Nguyên 
245 0 |a Chứng khoán và phân tích chứng khoán 
245 0 |c Trần Cao Nguyên 
260 |a Hà Nội 
260 |b Giáo dục 
260 |c 1999 
520 |a Giới thiệu bản chất của thị trường chứng khoán, sự vận hành của quy luật giá cả của thị trường dưới góc độ kinh tế và cách thức mua bán chứng khoán trên thị trường. 
650 |a Bank marketing 
980 |a Trung tâm Học liệu Trường Đại học Cần Thơ